[Event "Ann Arbor (MI Inv Final/2)"]
[Site "?"]
[Date "1991.??.??"]
[Round "?"]
[White "Basin, Leonid"]
[Black "Lindsay, F."]
[Result "0-1"]
[WhiteElo "2460"]
[BlackElo "2385"]
[PlyCount "82"]
[EventDate "1991.??.??"]

1. c4 c5 2. g3 Nf6 3. Bg2 d5 4. cxd5 Nxd5 5. Nc3 Nc7 6. d3 e5 7. Nf3 Nc6 8. O-O
Be7 9. Nd2 Bd7 10. Nc4 f6 11. f4 exf4 12. gxf4 b5 13. Ne3 Rc8 14. a4 b4 15. Ne4
Ne6 16. Nf5 O-O 17. e3 Kh8 18. b3 Na5 19. Bb2 Bc6 20. Rc1 Rc7 21. Rf2 Bd5 22.
Qh5 Bxb3 23. Nh4 Qe8 24. Qg4 Qf7 25. Ng3 c4 26. Be4 f5 27. Nhxf5 c3 28. Ba1 Rd8
29. Nxe7 Rxe7 30. Qh4 Nf8 31. Rxc3 bxc3 32. Bxc3 Nb7 33. Nf5 Ng6 34. Qh6 Rc7
35. Bxg7+ Kg8 36. Bb2 Be6 37. Ng3 Nc5 38. Nh5 Nxe4 39. dxe4 Rd1+ 40. Kg2 Nh4+
41. Kg3 Rg1+ 0-1

[Event "Detroit (HPO/2/1)"]
[Site "?"]
[Date "1991.??.??"]
[Round "?"]
[White "Basin, Leonid"]
[Black "Lewis, Derrick"]
[Result "1-0"]
[WhiteElo "2465"]
[BlackElo "1935"]
[PlyCount "81"]
[EventDate "1991.??.??"]

{2/(1)} 1. e4 e5 2. Nf3 Nc6 3. Bb5 a6 4. Ba4 Nf6 5. d3 b5 6. Bb3 d5 7. exd5
Nxd5 8. Nc3 Bb4 9. Bd2 Be6 10. O-O Nxc3 11. bxc3 Bxb3 12. axb3 Bd6 13. Ng5 O-O
14. Re1 Qf6 15. Ne4 Qg6 16. Re3 f5 17. Rg3 Qe8 18. Bh6 Rf7 19. Rxg7+ Kh8 20.
Nxd6 cxd6 21. Rg3 Ne7 22. Qf3 Qc6 23. Qxc6 Nxc6 24. f4 a5 25. Rf3 a4 26. b4 e4
27. dxe4 fxe4 28. Rf2 d5 29. f5 Ne5 30. f6 Ra6 31. Rd1 Raxf6 32. Rxf6 Rxf6 33.
Rxd5 Nf7 34. Be3 Rd6 35. Bd4+ Kg8 36. Rxb5 e3 37. Bxe3 Kg7 38. Bd4+ Kg6 39. Ra5
Ng5 40. Rxa4 Ne6 41. Be3 1-0

[Event "Ann Arbor (MI Inv Semi/1)"]
[Site "?"]
[Date "1991.??.??"]
[Round "?"]
[White "Basin, Leonid"]
[Black "Hahn, David"]
[Result "1-0"]
[WhiteElo "2460"]
[BlackElo "2280"]
[PlyCount "123"]
[EventDate "1991.??.??"]

1. d4 d6 2. c4 f5 3. Nf3 Nf6 4. Nc3 g6 5. g3 Bg7 6. Bg2 O-O 7. O-O c6 8. b3 Qa5
9. Bd2 Qc7 10. Rc1 e5 11. b4 e4 12. Ne1 Qe7 13. b5 Be6 14. bxc6 bxc6 15. d5 Bf7
16. Nc2 c5 17. f3 exf3 18. exf3 Nbd7 19. Re1 Qd8 20. Bf1 Re8 21. Rxe8+ Nxe8 22.
f4 Nef6 23. Bd3 Nb6 24. Qf3 Qd7 25. h3 h5 26. Ne3 Re8 27. Ng2 Na4 28. Rb1 Nxc3
29. Bxc3 Ne4 30. Bxg7 Kxg7 31. Bxe4 Rxe4 32. Qc3+ Kh7 33. Re1 Qe7 34. Kf2 Rxe1
35. Nxe1 Qe4 36. Nf3 Kg8 37. Ng5 Qe7 38. Qb2 Be8 39. h4 Bf7 40. a4 Be8 41. a5
Qg7 42. Qe2 Bd7 43. Kg2 Qf6 44. Qd2 Qa1 45. Qe2 Qf6 46. a6 Kg7 47. Qe1 Bc8 48.
Qe8 Bxa6 49. Qd7+ Kg8 50. Qh7+ Kf8 51. Ne6+ Ke8 52. Qxa7 Qb2+ 53. Kh3 Bc8 54.
Qc7 Bxe6 55. dxe6 Qf6 56. Qxd6 Qd4 57. Qc7 Qf6 58. Qc8+ Ke7 59. Qxc5+ Kxe6 60.
Qc6+ Kf7 61. Qxf6+ Kxf6 62. Kg2 1-0

[Event "Ann Arbor (MI Inv Pre/3)"]
[Site "?"]
[Date "1991.??.??"]
[Round "?"]
[White "Basin, Leonid"]
[Black "Hahn, David"]
[Result "1/2-1/2"]
[WhiteElo "2460"]
[BlackElo "2280"]
[PlyCount "29"]
[EventDate "1991.??.??"]

1. d4 d6 2. Nf3 Bg4 3. c4 Nd7 4. Nc3 e5 5. e3 Be7 6. Be2 Ngf6 7. O-O O-O 8. b3
c6 9. Bb2 Re8 10. Qc2 Bf8 11. Rad1 e4 12. Nd2 Bxe2 13. Nxe2 d5 14. f4 Ng4 15.
Qc3 1/2-1/2

[Event "Flint (MEX/2)"]
[Site "?"]
[Date "1991.??.??"]
[Round "?"]
[White "Basin, Leonid"]
[Black "Avery, Robert W"]
[Result "0-1"]
[WhiteElo "2480"]
[BlackElo "2145"]
[PlyCount "76"]
[EventDate "1991.??.??"]

1. d4 d5 2. c4 e6 3. Nc3 Nf6 4. Nf3 Be7 5. g3 O-O 6. Bg2 b6 7. O-O Bb7 8. Ne5
c6 9. Qa4 Nfd7 10. Nxd7 Nxd7 11. Bf4 Re8 12. Rfd1 g5 13. Be3 h6 14. Rac1 Bd6
15. b4 a6 16. Qb3 b5 17. cxb5 axb5 18. a4 Qe7 19. Bd2 bxa4 20. Nxa4 Ba6 21. e4
Bc4 22. Qc2 Bxb4 23. Ra1 Bxd2 24. Qxd2 Bb3 25. Nc3 Bxd1 26. Rxd1 Reb8 27. h4
Kg7 28. Re1 Qf6 29. hxg5 Qxg5 30. Qc2 Rb4 31. Ne2 Rc4 32. Qd3 Ra2 33. Nf4 Rcc2
34. exd5 exd5 35. Bf3 Rxf2 36. Nh5+ Kf8 37. Qh7 Nf6 38. Qh8+ Ng8 0-1

[Event "Detroit (HPO/2/2)"]
[Site "?"]
[Date "1991.??.??"]
[Round "?"]
[White "Ball, Ed"]
[Black "Tsemekhman, Vadim"]
[Result "0-1"]
[WhiteElo "1930"]
[BlackElo "2420"]
[PlyCount "50"]
[EventDate "1991.??.??"]

{2/(2)} 1. e4 e6 2. d4 d5 3. exd5 exd5 4. c4 Nf6 5. Nc3 c6 6. Nf3 Bd6 7. c5 Bc7
8. Bd3 O-O 9. O-O Re8 10. Bg5 Nbd7 11. b4 Nf8 12. Re1 Rxe1+ 13. Qxe1 Ne6 14.
Qe3 Nxg5 15. Qxg5 h6 16. Qh4 Qf8 17. Ne5 g5 18. Qg3 Ng4 19. h3 Nxe5 20. dxe5 a5
21. h4 axb4 22. hxg5 Qg7 23. gxh6 Qxg3 24. fxg3 bxc3 25. Kh2 Be6 0-1

[Event "Detroit (HPO/5/6)"]
[Site "?"]
[Date "1991.??.??"]
[Round "?"]
[White "Ball, Ed"]
[Black "Chehayeb, Sal"]
[Result "1-0"]
[WhiteElo "1930"]
[BlackElo "2130"]
[PlyCount "103"]
[EventDate "1991.??.??"]

{5/(6)} 1. e4 c5 2. c4 g6 3. Nc3 Bg7 4. Nge2 Nc6 5. d3 e6 6. g3 Nge7 7. Bg2 O-O
8. O-O Nd4 9. Be3 Nec6 10. Qd2 Re8 11. Bh6 Bh8 12. f4 d6 13. h3 a6 14. Kh1 Rb8
15. g4 b5 16. Nxd4 Nxd4 17. Rae1 Qb6 18. f5 bxc4 19. dxc4 Qxb2 20. Qxb2 Rxb2
21. f6 Bd7 22. g5 Reb8 23. Rb1 Ne2 24. Rxb2 Ng3+ 25. Kg1 Rxb2 26. Rb1 Rxb1+ 27.
Nxb1 Nh5 28. Kf2 Nxf6 29. gxf6 Bxf6 30. Nd2 Be7 31. Kf3 f6 32. Be3 Kf7 33. h4
Ba4 34. Nb3 Bd8 35. Bf4 Ke7 36. Kg4 Bc6 37. Bf3 Kd7 38. Kg3 Ba4 39. Kg4 Ke8 40.
Bxd6 Bxb3 41. axb3 Bb6 42. e5 f5+ 43. Kg5 Kf7 44. h5 Kg7 45. hxg6 hxg6 46. Bc6
Bd8+ 47. Kf4 g5+ 48. Kg3 Bb6 49. Be8 a5 50. Kf3 Kg8 51. Bd7 Kf7 52. Bc8 1-0

[Event "East Lansing (MOR/3)"]
[Site "?"]
[Date "1991.??.??"]
[Round "?"]
[White "Ball, A."]
[Black "Shull, D."]
[Result "1-0"]
[WhiteElo "1685"]
[BlackElo "1605"]
[PlyCount "105"]
[EventDate "1991.??.??"]

1. c4 d6 2. d4 Nf6 3. Nc3 g6 4. e4 Nbd7 5. Nf3 Bg7 6. Bg5 O-O 7. Qd2 Re8 8. Be2
b6 9. O-O Bb7 10. d5 Rc8 11. Rac1 c6 12. b3 cxd5 13. exd5 e5 14. dxe6 Rxe6 15.
Nd4 Re8 16. Ndb5 Bf8 17. Nxd6 Bxd6 18. Qxd6 Kg7 19. Rcd1 Qc7 20. Qxc7 Rxc7 21.
Rd2 Nc5 22. Bxf6+ Kxf6 23. Nd5+ Bxd5 24. cxd5 Ne4 25. Rd3 Nd6 26. Rf3+ Kg7 27.
Bd3 h5 28. Re3 Rce7 29. Rfe1 Kf8 30. Rxe7 Rxe7 31. Rxe7 Kxe7 32. f4 f5 33. Kf2
b5 34. Ke3 a6 35. a4 Kd7 36. axb5 axb5 37. h3 h4 38. Kd4 Ke7 39. Kc5 Kd7 40.
Bxb5+ Kc7 41. Bc6 Nc8 42. Be8 Nd6 43. Bxg6 Ne4+ 44. Kd4 Nd6 45. Ke5 Kd7 46.
Bxf5+ Ke7 47. Be6 Ne8 48. f5 Nd6 49. f6+ Ke8 50. Kxd6 Kf8 51. f7 Kg7 52. Ke7
Kg6 53. f8=Q 1-0

[Event "East Lansing (MOR/5)"]
[Site "?"]
[Date "1991.??.??"]
[Round "?"]
[White "Ball, A."]
[Black "Falkowski, Kenneth"]
[Result "0-1"]
[WhiteElo "1685"]
[BlackElo "1745"]
[PlyCount "106"]
[EventDate "1991.??.??"]

1. c4 Nf6 2. d4 g6 3. Nc3 d5 4. cxd5 Nxd5 5. e4 Nxc3 6. bxc3 Bg7 7. Bc4 O-O 8.
Ne2 c5 9. O-O Bg4 10. f3 Bd7 11. e5 Qb6 12. Qb3 Qxb3 13. axb3 cxd4 14. cxd4 Nc6
15. f4 e6 16. Be3 a6 17. Rfc1 Nb4 18. Bd2 Nc6 19. d5 exd5 20. Bxd5 Rfe8 21.
Bxc6 Bxc6 22. Rc2 Be4 23. Rb2 Bf8 24. b4 Rac8 25. Rc1 Rxc1+ 26. Bxc1 a5 27. Be3
Bxb4 28. Kf2 Rc8 29. Nd4 Bc3 30. Ra2 Bxd4 31. Bxd4 Rc2+ 32. Rxc2 Bxc2 33. Ke2
Kf8 34. Kd2 Be4 35. g3 Ke7 36. Kc3 Ke6 37. Bb6 a4 38. Kb4 Bc6 39. Kc5 Kf5 40.
Kd6 a3 41. Ke7 Ke4 42. e6 fxe6 43. Bc7 Bd5 44. Bd6 a2 45. Be5 b5 46. g4 b4 47.
Kf7 h5 48. h3 hxg4 49. hxg4 g5 50. fxg5 Kxe5 51. g6 a1=Q 52. g7 Qa7+ 53. Kg6
Qxg7+ 0-1

[Event "East Lansing (MOR/1)"]
[Site "?"]
[Date "1991.??.??"]
[Round "?"]
[White "Ball, A."]
[Black "Baker, Derrick"]
[Result "0-1"]
[WhiteElo "1685"]
[BlackElo "1605"]
[PlyCount "126"]
[EventDate "1991.??.??"]

1. c4 Nf6 2. g3 g6 3. d4 Bg7 4. Bg2 d6 5. Nf3 O-O 6. O-O c6 7. Nc3 d5 8. cxd5
cxd5 9. Qb3 Nc6 10. e3 Na5 11. Qc2 Bf5 12. Qe2 h6 13. Nd2 Qd7 14. Qb5 Qxb5 15.
Nxb5 Bd3 16. Nc7 Bxf1 17. Kxf1 Rad8 18. b4 Nc4 19. Bh3 Nxd2+ 20. Bxd2 Ne4 21.
Ke2 Ng5 22. Bg2 e6 23. Rc1 Rc8 24. h4 Nh7 25. Rc5 Nf6 26. Bh3 Ne4 27. Rc1 Nd6
28. Rc5 Ne4 29. Rc1 Bf6 30. Be1 Bd8 31. f3 Nd6 32. g4 Bxc7 33. Bg3 Bb8 34. Rc5
Rxc5 35. bxc5 Nb5 36. Be1 Rc8 37. a4 Na3 38. a5 b6 39. axb6 axb6 40. cxb6 Rc6
41. e4 dxe4 42. fxe4 Nc2 43. Bf2 Rxb6 44. d5 Ra6 45. Bf1 Nb4 46. Bc5 Bd6 47.
Bxb4 Bxb4 48. Kd3 exd5 49. exd5 Kf8 50. Kd4 Rd6 51. Ke5 Ke7 52. Bb5 Be1 53. h5
gxh5 54. gxh5 f6+ 55. Ke4 f5+ 56. Ke5 Bc3+ 57. Kf4 Rxd5 58. Bc6 Rc5 59. Bg2 Kf6
60. Bh3 Bd2+ 61. Kf3 Re5 62. Bf1 Kg5 63. Be2 Kxh5 0-1

[Event "East Lansing (MOR/4)"]
[Site "?"]
[Date "1991.??.??"]
[Round "?"]
[White "Baker, T."]
[Black "Russell, K."]
[Result "1/2-1/2"]
[WhiteElo "1605"]
[BlackElo "1645"]
[PlyCount "103"]
[EventDate "1991.??.??"]

1. e4 c5 2. Nf3 Nc6 3. d4 cxd4 4. Nxd4 d6 5. Be2 Nf6 6. Nc3 g6 7. Nxc6 bxc6 8.
O-O Bg7 9. Re1 O-O 10. Bg5 Qb6 11. Rb1 h5 12. h3 Re8 13. Qd2 Bb7 14. Bd3 Nd7
15. Kh1 Ne5 16. f4 Nxd3 17. cxd3 Bd4 18. Rf1 Be3 19. Qe2 Ba6 20. Rbe1 Bd4 21.
f5 Qc5 22. Bh4 Bxc3 23. Rc1 Qd4 24. Rxc3 d5 25. Bf2 Qxe4 26. Qxe4 dxe4 27. fxg6
fxg6 28. Rxc6 Bxd3 29. Rfc1 Rf8 30. Bg1 Rf6 31. Kh2 Rxc6 32. Rxc6 Rd8 33. Rc7
Bf1 34. Rc1 Bb5 35. Bxa7 Rd2 36. Rc7 Rxb2 37. Rxe7 Rxa2 38. Bc5 Bd3 39. Re8+
Kf7 40. Re7+ Kf6 41. Kg3 h4+ 42. Kh2 Ra5 43. Bb4 Rb5 44. Ba3 Kf5 45. Bc1 Re5
46. Rxe5+ Kxe5 47. Be3 Kd5 48. g3 hxg3+ 49. Kxg3 Bf1 50. Kg4 Be2+ 51. Kg5 Bh5
52. Kf4 1/2-1/2

[Event "East Lansing (MOR/5)"]
[Site "?"]
[Date "1991.??.??"]
[Round "?"]
[White "Baker, T."]
[Black "Deese, C."]
[Result "1/2-1/2"]
[WhiteElo "1605"]
[BlackElo "1635"]
[PlyCount "88"]
[EventDate "1991.??.??"]

1. e4 c5 2. Nf3 d6 3. d4 cxd4 4. Nxd4 Nf6 5. Nc3 e6 6. Be2 Be7 7. O-O O-O 8.
Re1 a6 9. h3 Qc7 10. Bg5 h6 11. Bh4 Nc6 12. Nf3 b5 13. a3 Bb7 14. Bd3 Rfd8 15.
Qd2 Ne5 16. Nxe5 dxe5 17. Kh1 Rd7 18. Qe3 Rad8 19. Ne2 Nh5 20. Bxe7 Rxe7 21.
Rac1 Nf4 22. g3 Nxh3 23. Kh2 Ng5 24. Rg1 Nh7 25. g4 g5 26. Qh3 Kg7 27. Rh1 Nf6
28. Kg2 Rh8 29. f3 Qc5 30. Rce1 a5 31. Qg3 Rd7 32. Qf2 Qc6 33. Rh3 b4 34. axb4
axb4 35. b3 Ba6 36. Bxa6 Qxa6 37. Qc5 Rd2 38. Kf1 Rc8 39. Qxe5 Rcxc2 40. Rxh6
Kxh6 41. Qxf6+ Kh7 42. Qxf7+ Kh8 43. Qf8+ Kh7 44. Qf7+ Kh6 1/2-1/2

[Event "East Lansing (MOR/2)"]
[Site "?"]
[Date "1991.??.??"]
[Round "?"]
[White "Baker, T."]
[Black "Collins, Devontia"]
[Result "1/2-1/2"]
[WhiteElo "1605"]
[BlackElo "1605"]
[PlyCount "75"]
[EventDate "1991.??.??"]

1. e4 d6 2. Nf3 Nf6 3. Nc3 g6 4. d4 Bg7 5. Be2 O-O 6. O-O Nbd7 7. Be3 Ng4 8.
Bc1 e5 9. d5 f5 10. Ng5 Ndf6 11. Bxg4 Nxg4 12. exf5 Bxf5 13. f3 Nf6 14. Nge4
Nxe4 15. Nxe4 Bxe4 16. fxe4 Qh4 17. Rxf8+ Rxf8 18. Qe2 c6 19. g3 Qd8 20. c4 Bf6
21. b3 Bg5 22. Bb2 Qb6+ 23. Kg2 Qa5 24. Qe1 Qb6 25. Qe2 Qa5 26. Qe1 Bd2 27. Qe2
Bb4 28. Kh1 Bc5 29. Rf1 Rxf1+ 30. Qxf1 Qxa2 31. Bc1 Qxb3 32. Bh6 Bf2 33. Qxf2
Qb1+ 34. Kg2 Qxe4+ 35. Kg1 Qb1+ 36. Kg2 Qe4+ 37. Kg1 Qb1+ 38. Kg2 1/2-1/2

[Event "East Lansing (MOR/2)"]
[Site "?"]
[Date "1991.??.??"]
[Round "?"]
[White "Baker, Derrick"]
[Black "Sledge, Ernest"]
[Result "0-1"]
[WhiteElo "1605"]
[BlackElo "1670"]
[PlyCount "100"]
[EventDate "1991.??.??"]

1. Nf3 d5 2. g3 Nf6 3. Bg2 e6 4. O-O c5 5. d3 Be7 6. Nbd2 O-O 7. e4 Nc6 8. c3
h6 9. e5 Nh7 10. h4 f5 11. Nb1 Rf7 12. Re1 Nf8 13. d4 b6 14. Be3 Ng6 15. h5 Nf8
16. Nh2 Nh7 17. f4 Rb8 18. Nd2 Bb7 19. b3 cxd4 20. cxd4 Bb4 21. Rc1 Qe8 22. Rc2
Rf8 23. g4 Be7 24. Qe2 Kh8 25. Bf3 Qd8 26. Kh1 Nb4 27. Rb2 Ba6 28. Qg2 Nd3 29.
Rg1 Nxb2 30. gxf5 Rg8 31. fxe6 Bb7 32. Be2 Rc8 33. Ndf3 Rc2 34. Rc1 Rxc1+ 35.
Bxc1 Ba3 36. Qg4 Nd3 37. Bxd3 Bxc1 38. Qg6 Nf8 39. Qf7 Ba3 40. Qxb7 Nxe6 41. f5
Nf4 42. Bb1 a5 43. f6 Nxh5 44. Ng4 Qc8 45. Qf7 Qxg4 46. Nh2 Qd1+ 47. Kg2 gxf6+
48. Kf2 Qxd4+ 49. Ke1 Bb4+ 50. Ke2 Rg2+ 0-1

[Event "East Lansing (MOR/4)"]
[Site "?"]
[Date "1991.??.??"]
[Round "?"]
[White "Baker, Derrick"]
[Black "Endres, John"]
[Result "0-1"]
[WhiteElo "1605"]
[BlackElo "1605"]
[PlyCount "30"]
[EventDate "1991.??.??"]

1. Nf3 c5 2. g3 Nc6 3. Bg2 Nf6 4. O-O d6 5. d3 g6 6. Nbd2 Bg7 7. e4 O-O 8. Re1
Nd7 9. h4 Nde5 10. Ng5 Bg4 11. Ndf3 h6 12. Nh3 Nd4 13. Re3 Ndxf3+ 14. Bxf3
Nxf3+ 15. Kg2 Nxh4+ 0-1

[Event "East Lansing (MOR/6)"]
[Site "?"]
[Date "1991.??.??"]
[Round "?"]
[White "Baker, Derrick"]
[Black "Berger, Byron"]
[Result "1-0"]
[WhiteElo "1605"]
[BlackElo "1605"]
[PlyCount "51"]
[EventDate "1991.??.??"]

1. Nf3 d5 2. g3 Bf5 3. Bg2 Nc6 4. O-O Qd7 5. d3 Bh3 6. Nbd2 Bxg2 7. Kxg2 Nf6 8.
e4 e5 9. Re1 d4 10. Nc4 Bd6 11. c3 O-O-O 12. cxd4 exd4 13. Nxd6+ cxd6 14. Qc2
Kb8 15. Bf4 Rc8 16. Qe2 Rhe8 17. Qd1 Nh5 18. Bd2 d5 19. e5 Qf5 20. Qe2 Qg6 21.
Nh4 Rxe5 22. Nxg6 Rxe2 23. Rxe2 hxg6 24. Rc1 a5 25. Rc5 b6 26. Rxd5 1-0

[Event "East Lansing (MOR/1)"]
[Site "?"]
[Date "1991.??.??"]
[Round "?"]
[White "Aydar, A."]
[Black "Vaka, Flamur"]
[Result "1/2-1/2"]
[WhiteElo "1605"]
[BlackElo "1640"]
[PlyCount "151"]
[EventDate "1991.??.??"]

1. b3 Nf6 2. Bb2 e6 3. c4 Be7 4. e4 Nc6 5. d3 O-O 6. e5 Ne8 7. Nf3 d6 8. Be2
dxe5 9. Nxe5 Nxe5 10. Bxe5 Bf6 11. Bxf6 Qxf6 12. Nd2 Nd6 13. O-O b6 14. Bf3 Bb7
15. Bxb7 Nxb7 16. Ne4 Qe7 17. Qf3 Nd6 18. Rfe1 Nf5 19. Ng3 Nd4 20. Qd1 Rad8 21.
Re4 Rd7 22. Ne2 Qf6 23. Nxd4 Rxd4 24. Rxd4 Qxd4 25. Qf1 a5 26. a4 Qc3 27. Qd1
Rd8 28. Qc1 Qxd3 29. Rb1 Qd6 30. h3 h6 31. Qc3 Qd2 32. Qe5 Qc2 33. Rb2 Qd1+ 34.
Kh2 Qd6 35. Qxd6 Rxd6 36. Rc2 Rd8 37. c5 Rb8 38. Rc4 Kf8 39. b4 Ke8 40. cxb6
cxb6 41. b5 Kd7 42. Rg4 Rg8 43. Rf4 Rf8 44. Rg4 g5 45. h4 f5 46. Rd4+ Ke7 47.
hxg5 hxg5 48. Rc4 Rb8 49. Rc7+ Kd6 50. Rc6+ Ke5 51. g3 g4 52. Kg2 Kd5 53. Kf1
e5 54. Ke2 f4 55. gxf4 exf4 56. Rg6 f3+ 57. Ke3 Re8+ 58. Kd3 Re2 59. Rxg4 Rxf2
60. Ke3 Rg2 61. Rd4+ Kc5 62. Rh4 Rc2 63. Kxf3 Rc4 64. Rh5+ Kb4 65. Rh6 Kxa4 66.
Rxb6 Rb4 67. Ke3 Rxb5 68. Rh6 Ka3 69. Kd3 a4 70. Kc2 Rb2+ 71. Kc1 Ka2 72. Rh3
a3 73. Rg3 Rb1+ 74. Kc2 Rb2+ 75. Kc1 Rb1+ 76. Kc2 1/2-1/2

[Event "East Lansing (MOR/3)"]
[Site "?"]
[Date "1991.??.??"]
[Round "?"]
[White "Aydar, A."]
[Black "Tsuji, J."]
[Result "1-0"]
[WhiteElo "1605"]
[BlackElo "1605"]
[PlyCount "119"]
[EventDate "1991.??.??"]

1. b3 Nf6 2. Bb2 e6 3. c4 b6 4. e3 Bb7 5. d4 d5 6. Nf3 Nbd7 7. Nc3 Bb4 8. a3
Bxc3+ 9. Bxc3 Ne4 10. Qd3 c5 11. Be2 O-O 12. O-O Re8 13. dxc5 bxc5 14. Bb2 a5
15. b4 axb4 16. axb4 Qb6 17. Rxa8 Rxa8 18. Rb1 cxb4 19. cxd5 exd5 20. Qd4 Qxd4
21. Bxd4 Ba6 22. Bxa6 Rxa6 23. Rxb4 Rc6 24. h3 Rc1+ 25. Kh2 Nxf2 26. Ne5 Rh1+
27. Kg3 Ne4+ 28. Kh4 Nef6 29. Nxd7 Nxd7 30. Rb7 g5+ 31. Kxg5 f6+ 32. Kh6 Ne5
33. Bxe5 fxe5 34. Rxh7 Rf1 35. Rd7 d4 36. Kg6 dxe3 37. Re7 e2 38. Re8+ Rf8 39.
Rxe5 Kh8 40. Rxe2 Rg8+ 41. Kf5 Kh7 42. g4 Rf8+ 43. Ke4 Kg6 44. Ke3 Kg5 45. Rf2
Rxf2 46. Kxf2 Kh4 47. Kg2 Kg5 48. Kg3 Kg6 49. h4 Kh6 50. g5+ Kh5 51. Kh3 Kg6
52. Kg4 Kg7 53. h5 Kh7 54. Kf5 Kg7 55. h6+ Kf7 56. g6+ Kf8 57. Kf6 Kg8 58. g7
Kh7 59. Ke7 Kg8 60. Ke8 1-0

[Event "East Lansing (MOR/5)"]
[Site "?"]
[Date "1991.??.??"]
[Round "?"]
[White "Aydar, A."]
[Black "Rodriguez, Juan"]
[Result "0-1"]
[WhiteElo "1605"]
[BlackElo "1605"]
[PlyCount "74"]
[EventDate "1991.??.??"]

1. b3 d5 2. Bb2 Nc6 3. e3 e5 4. Bb5 Bd6 5. Nf3 Nge7 6. d4 e4 7. Ne5 a6 8. Bxc6+
Nxc6 9. Nxc6 bxc6 10. O-O Qh4 11. g3 Qh3 12. f3 Bf5 13. Nd2 h5 14. Qe2 h4 15.
Qg2 Qxg2+ 16. Kxg2 hxg3 17. hxg3 Bh3+ 18. Kf2 Bxf1 19. Rxf1 Rh2+ 20. Ke1 Bxg3+
21. Kd1 O-O-O 22. fxe4 Rf2 23. Rg1 Rh8 24. exd5 cxd5 25. c4 Rhh2 26. Bc3 Rhg2
27. Rh1 Re2 28. Nf1 Bd6 29. a4 Ba3 30. cxd5 Rc2 31. Bd2 Rb2 32. e4 Rb1+ 33. Kc2
Rb2+ 34. Kd1 Rxb3 35. Ne3 Rb1+ 36. Kc2 Rb2+ 37. Kd1 Rbxd2+ 0-1

[Event "East Lansing (MOR/6)"]
[Site "?"]
[Date "1991.??.??"]
[Round "?"]
[White "Aydar, A."]
[Black "Moore, H."]
[Result "1-0"]
[WhiteElo "1605"]
[BlackElo "1605"]
[PlyCount "87"]
[EventDate "1991.??.??"]

1. b3 Nf6 2. Bb2 e6 3. c4 g6 4. e4 d6 5. Nf3 Bg7 6. d3 c5 7. Be2 O-O 8. O-O Nc6
9. Re1 e5 10. Nc3 Nd4 11. Nxd4 cxd4 12. Nb5 a6 13. Na3 Bd7 14. Bc1 b5 15. Bg5
h6 16. Bxf6 Qxf6 17. Bg4 Bc6 18. Qc2 h5 19. Be2 Bh6 20. cxb5 Bd7 21. bxa6 Rfc8
22. Qb2 Qg5 23. Nc4 Bh3 24. g3 Qd8 25. Qa3 Rc6 26. a7 Bf4 27. b4 d5 28. exd5
Qxd5 29. Bf1 Bxf1 30. Rxf1 Bg5 31. Qa4 e4 32. b5 Rf6 33. dxe4 Qxe4 34. Qa5 h4
35. Rae1 Qf3 36. gxh4 Bf4 37. Re4 Qxe4 38. Nd2 Bxd2 39. Qxd2 Qg4+ 40. Kh1 Rf3
41. b6 Qh3 42. Rb1 Re8 43. b7 Qf5 44. b8=Q 1-0

[Event "Flint (MEX/3)"]
[Site "?"]
[Date "1991.??.??"]
[Round "?"]
[White "Avery, Robert W"]
[Black "Karklins, A."]
[Result "0-1"]
[WhiteElo "2145"]
[BlackElo "2380"]
[PlyCount "214"]
[EventDate "1991.??.??"]

1. d4 Nf6 2. c4 g6 3. Nc3 Bg7 4. e4 d6 5. f3 Nfd7 6. f4 c5 7. d5 Na6 8. Nf3 Nc7
9. a4 Na6 10. Bd3 Nb4 11. Bb1 Nb6 12. Qe2 Bg4 13. O-O Bd4+ 14. Kh1 a6 15. Bd2
e5 16. fxe5 Bxe5 17. Bd3 Nd7 18. Rae1 Nxd3 19. Qxd3 Bg7 20. Bf4 Bxf3 21. Qxf3
Be5 22. g3 h5 23. b3 Qe7 24. Bxe5 Nxe5 25. Qf6 Qxf6 26. Rxf6 Ke7 27. Ref1 Raf8
28. h3 Nd7 29. R6f2 f6 30. Kg2 Rb8 31. Kf3 Rbf8 32. Ke3 Ne5 33. Ra2 Rf7 34.
Raf2 Re8 35. Kd2 Rb8 36. Kc2 Rbf8 37. Kd2 Rb8 38. Kc2 Rh8 39. Kd2 Rg8 40. Ke3
Rgf8 41. Kd2 Ra8 42. Ra1 Raf8 43. Raf1 Kd7 44. Kc2 h4 45. g4 Ke7 46. a5 Rg7 47.
Nd1 Rff7 48. Ne3 Nd7 49. Ng2 Nf8 50. Rf3 Rh7 51. Ne3 Nd7 52. R3f2 Ne5 53. Kc3
Rh8 54. Ng2 Rb8 55. Ne3 Rh8 56. Rb1 Rc8 57. Rbf1 Rb8 58. Ng2 Rc8 59. Nf4 Rb8
60. Ra1 Rc8 61. Raf1 Rg8 62. Ng2 Re8 63. Nf4 Kd7 64. Ng2 Ref8 65. Ne3 Kc7 66.
Ng2 g5 67. Ne3 Ng6 68. Ng2 Kd7 69. Rb1 Rc8 70. Rbf1 Ke7 71. Rf3 Rb8 72. R1f2 b6
73. axb6 Rxb6 74. Ne1 Ne5 75. Re3 Rf8 76. Ra2 Rfb8 77. Ra3 Ng6 78. Ng2 Kf7 79.
Kc2 Re8 80. Ra1 Reb8 81. Ne1 Ke7 82. Nf3 Nf4 83. Nd2 Kd7 84. Kc3 Kc7 85. Kc2
Ra8 86. Nb1 Rbb8 87. Nc3 Re8 88. Rf1 Re5 89. Kb2 Rae8 90. Rff3 Kd7 91. Rf1 f5
92. gxf5 Rxf5 93. Ra1 Rff8 94. Rxa6 Ra8 95. Rxa8 Rxa8 96. e5 g4 97. e6+ Ke7 98.
hxg4 h3 99. Ne4 h2 100. Ng3 Rg8 101. Ka3 Rxg4 102. Nf5+ Kf6 103. e7 h1=Q 104.
Ka4 Rg8 105. e8=Q Rxe8 106. Rxe8 Kxf5 107. Kb5 Nxd5 0-1

[Event "East Lansing (MOR/1)"]
[Site "?"]
[Date "1991.??.??"]
[Round "?"]
[White "Austin, Joel"]
[Black "Vega, D."]
[Result "0-1"]
[WhiteElo "1605"]
[BlackElo "1665"]
[PlyCount "75"]
[EventDate "1991.??.??"]

1. e4 d6 2. d4 Nf6 3. Nc3 g6 4. Nf3 Bg7 5. Bc4 O-O 6. O-O e6 7. Bg5 h6 8. Bh4
Nbd7 9. e5 g5 10. exf6 Qxf6 11. Bg3 a6 12. Ne4 Qg6 13. Bd3 f5 14. Nc3 Qf7 15.
h3 b5 16. Nxb5 axb5 17. Bxb5 Nf6 18. Qd3 Bb7 19. Qb3 Rfb8 20. Bc4 Bc8 21. Qd3
d5 22. Ne5 dxc4 23. Qxc4 Qe8 24. d5 Ba6 25. Qc6 Bxf1 26. Qxe8+ Nxe8 27. Kxf1
Rxb2 28. dxe6 f4 29. Bh2 Bxe5 30. Re1 Ra5 31. Rd1 Rxc2 32. Rd8 Rc1+ 33. Ke2
Rxa2+ 34. Kf3 Kf8 35. Rd7 Rc3+ 36. Kg4 Nf6+ 37. Kf5 Nxd7 38. exd7 0-1

[Event "East Lansing (MOR/5)"]
[Site "?"]
[Date "1991.??.??"]
[Round "?"]
[White "Austin, Joel"]
[Black "Mitchell, Dave"]
[Result "1-0"]
[WhiteElo "1605"]
[BlackElo "1605"]
[PlyCount "59"]
[EventDate "1991.??.??"]

1. e4 c6 2. d4 d5 3. e5 Bf5 4. Bg5 f6 5. exf6 exf6 6. Bh4 Bd6 7. Nf3 Qc7 8. Bg3
Nd7 9. Bxd6 Qxd6 10. Bd3 O-O-O 11. Bxf5 Re8+ 12. Kf1 g6 13. Bxd7+ Kxd7 14. g3
Nh6 15. Kg2 Re6 16. Re1 Rhe8 17. Rxe6 Rxe6 18. Nc3 b5 19. Qd2 Nf5 20. Ne2 g5
21. c3 Qe7 22. Neg1 g4 23. Ne1 Nd6 24. Nd3 Nc4 25. Qc1 Re2 26. Nc5+ Kc8 27.
Nxe2 Qxe2 28. Qf4 Ne3+ 29. Qxe3 Qxe3 30. fxe3 1-0

[Event "East Lansing (MOR/3)"]
[Site "?"]
[Date "1991.??.??"]
[Round "?"]
[White "Austin, Joel"]
[Black "Bohnhorst, B."]
[Result "0-1"]
[WhiteElo "1605"]
[BlackElo "1605"]
[PlyCount "68"]
[EventDate "1991.??.??"]

1. e4 c6 2. d4 d5 3. Nc3 dxe4 4. Nxe4 Nd7 5. Bc4 Ngf6 6. Ng5 Nd5 7. Qf3 N7f6 8.
Ne2 Bg4 9. Qd3 Bxe2 10. Qxe2 e6 11. O-O Bd6 12. Re1 Qc7 13. g3 O-O 14. Ne4 Qe7
15. Bg5 h6 16. Nxf6+ Nxf6 17. Bxf6 Qxf6 18. Bxe6 fxe6 19. Qxe6+ Kh7 20. Qe4+
Kh8 21. b3 Qxf2+ 22. Kh1 Rae8 23. Qxe8 Rxe8 24. Rxe8+ Kh7 25. c4 Qxd4 26. Rae1
Bb4 27. R1e4 Qa1+ 28. Kg2 Qxa2+ 29. Kh3 Qxb3 30. R4e7 Bxe7 31. Rxe7 a6 32. c5
Qc4 33. Rxb7 Qxc5 34. g4 Qg5 0-1

[Event "Detroit (HPO/1/23)"]
[Site "?"]
[Date "1991.??.??"]
[Round "?"]
[White "Ashman, Brad"]
[Black "Zacks, Naum"]
[Result "0-1"]
[WhiteElo "1605"]
[BlackElo "1880"]
[PlyCount "48"]
[EventDate "1991.??.??"]

{1/(23)} 1. e4 g6 2. Nf3 Bg7 3. Bc4 d6 4. h3 c6 5. Nc3 Nf6 6. d4 O-O 7. O-O
Nxe4 8. Qd3 Bf5 9. Qe3 Nd7 10. Nh4 e6 11. f3 Nxc3 12. Nxf5 exf5 13. Qxc3 c5 14.
Be3 Re8 15. Rad1 a6 16. Qb3 Qe7 17. Rfe1 b5 18. Bd5 c4 19. Qb4 Rac8 20. Bf4 Qh4
21. Rxe8+ Rxe8 22. Bxd6 Re2 23. Bc6 Qf2+ 24. Kh1 Qxg2# 0-1

[Event "East Lansing (MOR/7)"]
[Site "?"]
[Date "1991.??.??"]
[Round "?"]
[White "Ashman, Brad"]
[Black "Shields, S."]
[Result "0-1"]
[WhiteElo "1605"]
[BlackElo "1605"]
[PlyCount "72"]
[EventDate "1991.??.??"]

1. e4 e6 2. d4 c5 3. d5 d6 4. Bc4 e5 5. Nf3 Bd7 6. O-O b5 7. Be2 Nf6 8. c4 b4
9. a3 Na6 10. Bd2 Nxe4 11. axb4 Nxd2 12. Nbxd2 Nxb4 13. Ne4 Be7 14. Qd2 O-O 15.
Ne1 h6 16. Nc2 Nxc2 17. Qxc2 f5 18. Nc3 f4 19. Nb5 Bf5 20. Bd3 e4 21. Bxe4 Qd7
22. Nc7 Bxe4 23. Qxe4 Qxc7 24. Qe6+ Kh8 25. Rfe1 Rae8 26. Qg4 Rf6 27. Re4 Ref8
28. f3 Qd8 29. Rae1 R8f7 30. Kh1 Kh7 31. g3 fxg3 32. Qxg3 Rxf3 33. Qg4 Qf8 34.
Qxf3 Rxf3 35. Rxe7 Rf1+ 36. Kg2 Qf3# 0-1